| 000 | 00469nam a2200181Ia 4500 | ||
|---|---|---|---|
| 001 | 2388 | ||
| 005 | 20260306144803.0 | ||
| 008 | 260306t2007||||xx |||||||||||||| ||spa|| | ||
| 041 | _aESP | ||
| 082 |
_a616.89 _bD98 |
||
| 100 |
_aMark, Durand V. _eAUT |
||
| 245 | 0 |
_aPsicopatología: _bun enfoque integral de la psicología anormal |
|
| 260 | _c2007 | ||
| 300 |
_a584 páginas : vs. páginas : _c27 cm. |
||
| 650 | _aGEN | ||
| 654 | _aCPS | ||
| 942 |
_cLIB _dJUS _fJUS _2ddc _n |
||
| 999 |
_c2388 _d2388 |
||